Welcome to the Holygrace Academy Library

Please use search bar below to get started

SEVEN ONE ACT PLAYS (Record no. 7595)

MARC details
000 -LEADER
fixed length control field 00262nam a22001217a 4500
082 ## - DEWEY DECIMAL CLASSIFICATION NUMBER
Classification number 823
Item number UNK/S
100 ## - MAIN ENTRY--AUTHOR NAME
Personal name UNKNOWN
245 ## - TITLE STATEMENT
Title SEVEN ONE ACT PLAYS
260 ## - PUBLICATION, DISTRIBUTION, ETC. (IMPRINT)
Place of publication LONDON
Name of publisher OXFORD
Year of publication 1987
300 ## - PHYSICAL DESCRIPTION
Number of Pages 128
650 ## - SUBJECT ADDED ENTRY--TOPICAL TERM
Topical Term ENGLISH STORY
Geographic subdivision UNITED KINGDOM
942 ## - ADDED ENTRY ELEMENTS (KOHA)
Koha item type Books
Holdings
Withdrawn status Lost status Collection code Home library Current library Date acquired Source of acquisition Full call number Accession Number Koha item type
Withdrawn Damaged Item Fiction Main Library Main Library 12/03/2002 purchase 823 UNK/S 00764 Books